Подробности
| 000 -МАРКЕР |
| контрольное поле |
02610nkm0a2200433 4500 |
| 001 - ИДЕНТИФИКАТОР ЗАПИСИ |
| контрольное поле |
RU\NLR\BIBL_A\016335413 |
| 005 - ИДЕНТИФИКАТОР ВЕРСИИ |
| контрольное поле |
20260601080658.0 |
| 035 ## - ДРУГИЕ СИСТЕМНЫЕ НОМЕРА |
| Идентификатор записи |
(NLR Aleph) 016335413 |
| 100 ## - ДАННЫЕ ОБЩЕЙ ОБРАБОТКИ |
| Данные общей обработки |
20230405f18941917|||y0rusy50 ca |
| 101 0# - ЯЗЫК РЕСУРСА |
| Язык текста, звукозаписи и т.д. |
русский |
| 102 ## - СТРАНА ПУБЛИКАЦИИ ИЛИ ПРОИЗВОДСТВА |
| Страна публикации |
Российская Федерация |
| 116 ## - ПОЛЕ КОДИРОВАННЫХ ДАННЫХ: ИЗОБРАЗИТЕЛЬНЫЕ МАТЕРИАЛЫ |
| Кодированные данные для изобразительных материалов. |
iiycxx bf zz |
| 135 ## - ПОЛЕ КОДИРОВАННЫХ ДАННЫХ: ЭЛЕКТРОННЫЕ РЕСУРСЫ |
| Кодированные данные для электронного ресурса |
crcn 024anaba |
| 181 #0 - ПОЛЕ КОДИРОВАННЫХ ДАННЫХ: ВИД СОДЕРЖАНИЯ |
| Код вида содержания (ISBD) |
b4 |
| Код характеристики содержания (ISBD) |
xb2e |
| 182 #0 - ПОЛЕ КОДИРОВАННЫХ ДАННЫХ: ТИП СРЕДСТВА |
| Код типа средства (ISBD) |
n - непосредственное |
| 200 1# - ЗАГЛАВИЕ И СВЕДЕНИЯ ОБ ОТВЕТСТВЕННОСТИ |
| Основное заглавие |
Ее Императорское Величество Государыня Императрица Александра Феодоровна |
| Сведения, относящиеся к заглавию |
[лубок] |
| 203 ## - ВИД СОДЕРЖАНИЯ И ТИП СРЕДСТВА |
| Вид содержания |
Изображение |
| Дополнительные сведения об издании |
неподвижное |
| -- |
двухмерное |
| -- |
визуальное |
| Тип средства |
непосредственное |
| 210 ## - ПУБЛИКАЦИЯ, РАСПРОСТРАНЕНИЕ И ДР. |
| Место издания, распространения и т.д. |
Одесса |
| Имя издателя, распространителя и т. д. |
Издание Акц. О-ва Н. Т. Корчак-Новицкаго |
| Дата издания, распространения и т.д. |
[между 1894 и 1917] |
| Место изготовления |
Одесса: Киев |
| Имя изготовителя |
Хромо-литография А-го О-ва Н. Т. Корчак-Новицкаго |
| 215 ## - ФИЗИЧЕСКАЯ ХАРАКТЕРИСТИКА |
| Специфическое обозначение материала и объем |
1 л. |
| Другие сведения о физической характеристике |
хромолитография |
| Размеры |
15,1х11,4 ; 16х11,2 |
| 300 ## - ОБЩИЕ ПРИМЕЧАНИЯ |
| Текст примечания |
Ценз. разрешение: Разр. Воен. Цензурн. Комитет. Штаба Одесск. воен. округа |
| 325 ## - ПРИМЕЧАНИЕ О КОПИИ |
| Текст примечания |
Копия доступна в Электрон. б-ке РНБ |
| 327 1# - ПРИМЕЧАНИЯ О СОДЕРЖАНИИ |
| Текст примечания |
Портрет погрудный, 3/4 влево |
| 540 1# - ДОПОЛНИТЕЛЬНОЕ ЗАГЛАВИЕ, ПРИМЕНЯЕМОЕ КАТАЛОГИЗАТОРОМ |
| Заглавие |
Портрет императрицы Александры Федоровны |
| 600 #0 - ИМЯ ЛИЦА КАК ПРЕДМЕТ |
| Начальный элемент ввода |
Александра Федоровна |
| Дополнения к именам, кроме дат |
императрица российская |
| Даты |
1872 - 1918 |
| Идентификатор авторитетной/нормативной записи |
RU\NLR\AUTH\661232258 |
| Системный номер авторитетной/нормативной записи |
2054877 |
| 606 1# - НАИМЕНОВАНИЕ ТЕМЫ КАК ПРЕДМЕТ |
| Наименование темы |
Лубок русский |
| Хронологический подзаголовок |
19 - 20 вв. |
| Системный номер авторитетной/нормативной записи |
2155303 |
| Идентификатор авторитетной/нормативной записи |
RU\NLR\AUTH\661602290 |
| 606 1# - НАИМЕНОВАНИЕ ТЕМЫ КАК ПРЕДМЕТ |
| Наименование темы |
Хромолитография |
| Системный номер авторитетной/нормативной записи |
1512039 |
| Идентификатор авторитетной/нормативной записи |
RU\NLR\AUTH\66656472 |
| 686 1# - ИНДЕКСЫ ДРУГИХ КЛАССИФИКАЦИЙ |
| Индекс |
Щ153(2Р=Рус)0-465 |
| 702 #0 - ИМЯ ЛИЦА - ВТОРИЧНАЯ ОТВЕТСТВЕННОСТЬ |
| Код отношения |
Прочие |
| Графика поля |
Кириллица |
| Материалы, к которым относится поле |
rus |
| Начальный элемент ввода |
Александра Федоровна |
| Дополнения к именам, кроме дат |
императрица российская |
| Даты |
1872-1918 |
| Системный номер авторитетной/нормативной записи |
118375 |
| Идентификатор авторитетной/нормативной записи |
RU\NLR\AUTH\778470 |
| 712 02 - НАИМЕНОВАНИЕ ОРГАНИЗАЦИИ - ВТОРИЧНАЯ ОТВЕТСТВЕННОСТЬ |
| Код отношения |
Издатель |
| -- |
Печатник (типограф) |
| Начальный элемент ввода |
Акционерное общество печатного и издательского дела Н. Т. Корчак-Новицкого |
| Структурное подразделение |
Хромо-литография |
| Идентифицирующий признак |
Киев |
| Системный номер авторитетной/нормативной записи |
532918 |
| Идентификатор авторитетной/нормативной записи |
RU\NLR\AUTH\880434269 |
| 852 00 - МЕСТОНАХОЖДЕНИЕ И ШИФР ХРАНЕНИЯ |
| Идентификатор организации |
NLR |
| Наименование фонда или коллекции (Sub-Location Identifier) |
Э |
| Шифр хранения (Call Number) |
ЛП/1-А462-II |
| Идентификатор единицы |
инв.3557 |
| 942 ## - ДОПОЛНИТЕЛЬНЫЕ ЭЛЕМЕНТЫ ЗАПИСИ (АБИС) |
| Тип экземпляра АБИС |
Визуальный материал |
| 980 ## - КОЛЛЕКЦИЯ |
| Название коллекции |
Национальная библиография |
| 981 22 - КОЛЛЕКЦИЯ ЭЛЕКТРОННОЙ БИБЛИОТЕКИ |
| Название коллекции |
Материалы по истории России |
| Название подколлекции |
2.03.1. Российский императорский дом |
| 981 17 - КОЛЛЕКЦИЯ ЭЛЕКТРОННОЙ БИБЛИОТЕКИ |
| Название коллекции |
Изографические материалы |
| Название подколлекции |
Эстампы |